LEADER 01060nam a2200265 i 4500 001 000000108471 003 CaOOAMICUS 005 20030612000000.0 008 030612s2002 it u000 u ita u 013 $a81144 040 $aSeMil$bita 100 1 $aOlivero, Ernesto <1940- >.$0(OLS)http://semarc/name/92051 245 10$aCarolpapa /$cErnesto Olivero. 260 $aMilano :$bMondadori,$c2002. 300 $a190 p. ;$c23 cm. 490 0 $aUomini e religioni. Interventi 500 $aIn preliminari : Dedica autografa dell'Autore al card. Martini. - Fondo Card. C.M. Martini. 600 04$aGiovanni Paolo II .$0(OLS)http://semarc/subject/5525 830 0$aUomini e religioni. Interventi.$0(OLS)http://semarc/title/9676 850 $aSeMil 852 $aSeMil$W1$xVenegono$y1$m3A II 2$j64567$B64567$CSeMilBibl$Z2$F76635 $81 941 1 $a4 961 $aOmaggio: Martini Card. Carlo Maria 996 $6245$aCarolpapa$9(OLS)http://semarc/title/157329 996 $6260$aMilano :$bMondadori$9(OLS)http://semarc/publisher/30335 LEADER 01278nam a2200289 i 4500 001 000000125984 003 CaOOAMICUS 005 20060418000000.0 008 060418s1996 it u000 u ita u 013 $a98685 020 $a88-86867-02-6 040 $aSeMil$bita 100 1 $aAnzani, Alfredo.$0(OLS)http://semarc/name/52336 240 00$aTrapianti d'organo.$0(OLS)http://semarc/title/185596 245 10$aTrapianti d'organo: problemi etici, aspetti sociali /$cAlfredo Anzani ; presentazione di Adalberto Grossi. 260 $aMilano :$bLauri,$c1996. 300 $a154 p. ;$c24 cm. 500 $aContiene : Bibliografia ; Leggi e regolamenti in materia di trapianti d'organo. - Fondo Card. C.M. Martini. 650 4$aChirurgia - Trapianti - Aspetti morali.$0(OLS)http://semarc/subject/24537 700 1 $aGrossi, Adalberto.$0(OLS)http://semarc/name/52337 850 $aSeMil 852 $aSeMil$W1$xVenegono$y1$m2E IV 31$j80380$B80380$CSeMilBibl$Z2$F110884 $81 941 1 $a4 961 $aOmaggio: Martini Card. Carlo Maria 996 $6020$a88-86867-02-6$9(OLS)http://semarc/number/112012 996 $6245$aTrapianti d'organo: problemi etici, aspetti sociali$9(OLS)http://semarc/title/185597 996 $6260$aMilano :$bLauri$9(OLS)http://semarc/publisher/46449